000 00405nam a2200157Ia 4500
005 20240807062537.0
008 240806s9999||||xx |||||||||||||| ||eng||
041 _aeng
082 _a720.954
_bVOLL
100 _aAndreas Volwahsen
245 0 _aLiving architecture indian /
_cAndreas Volwahsen
260 _bOxford & Ibh Publishing Co. New Delhi
300 _a0
650 _aAnc. History
942 _cBK
999 _c22036
_d22036